000 00594nam a2200241Ia 4500
003 OSt
005 20221005131236.0
006 a|||||r|||| 00| 0
007 ta
008 221004b |||||||| |||| 00| 0 eng d
024 _a48690
037 _cTextual
040 _aCRL
_cCRL
_beng
041 _2eng
_aeng
082 _aP13:18, J5
100 _aVan Groningen B A
_9639310
245 0 _aShort manual of Greek palaeography
250 _a2nd
260 _c1955
650 _aLINGUISTICS
942 _hP13:18, J5
_cTEXL
_2cc
999 _c1059732
_d1059732